000 00508nam a2200181 4500
001 121342
003 ES-MaACL
005 20250822063200.0
007 t|
008 070214s1945 sp r ||||1| spa d
100 1 _aPla, Josep,
_d1897-1981
_9164614
245 1 0 _aGuía de la Costa Brava /
_cJosep Pla.
250 _a2ª ed.
260 _aBarcelona :
_bDestino,
_c1945.
300 _a388 p., 3 lám. ;
_c23 cm +
_e4 map. pleg.
852 _aES-MaACL
_jA-478
_bR.22561
999 _c121342
_d121342